| 000 | 00925 a2200217 4500 | ||
|---|---|---|---|
| 005 | 20260401114838.0 | ||
| 008 | 260401b |||||||| |||| 00| 0 eng d | ||
| 020 | _a9789383233205 (hbk) | ||
| 037 | _cTB | ||
| 040 |
_aCRL _cCRL |
||
| 041 |
_2hin _ahin |
||
| 084 |
_aO152,4N11x Q3 _qCRL |
||
| 245 |
_aपत्र - संवाद: _bअज्ञेय और नंदकिशोर आचार्य |
||
| 260 |
_bकिताबघर प्रकाशन, _c2013. _aनयी दिल्ली, भारत: |
||
| 300 | _a104पृ. | ||
| 365 |
_b175.00 _cINR |
||
| 650 |
_aपत्र _91232426 |
||
| 700 |
_aपालीवाल, कृष्णदत्त _eसम्पादक |
||
| 942 |
_cTB _2CC _hO152,4N11x Q3 |
||
| 999 |
_c1467569 _d1467569 |
||